9. európsky kongres o obezite v Miláne

Bibliographic Details
Main Author: Mosnárová, Alena (Author)
Format: Article
Language:Slovak
PhysicalDescription:Fotogr.
Subjects:

MARC

LEADER 00000nab a2200000 a 4500
001 vtls000698478
003 SK-MaSNL
005 20260303181710.0
008 140303c1999 xo 0 slo
015 |a SNBRB1999/09-19059 
035 |a CLN000050645 
040 |a SNKBUCL  |b slo  |c SNKBUCL  |e AACR2 
041 0 |a slo 
044 |a xo  |c SK 
080 |a 616-008.9:061.3  |2 1997 
100 1 |a Mosnárová, Alena  |4 aut  |9 266510 
245 1 0 |a 9. európsky kongres o obezite v Miláne  |c Alena Mosnárová 
300 |b Fotogr. 
611 1 7 |a Európsky kongres o obezite  |n 9.  |d 1999  |c Miláno, Taliansko  |2 SNK  |9 1208457 
650 0 7 |a obezita  |2 SNKPH  |9 2527 
650 0 7 |a kongresy  |2 SNKPH  |9 19200 
655 7 |a články z novín a časopisov  |2 SNK  |9 267496 
773 0 |t Zdravotnícke noviny  |g Roč. 4, č. 26 (1999) 
773 0 |t [Príl.] Lekárske listy  |g Č. 26 (1999), s. 8 a 12 
850 |a Slovenská národná knižnica v Martine 
852 |a SNK  |b KIS3GCP 
992 |a RBX 
999 |c 2113974  |d 2115904